|
|
|
|
| LEADER |
00863nab a2200253 i 4500 |
| 001 |
misc62075 |
| 005 |
20231025112127.0 |
| 008 |
230607s1958 hu o 0|| pol d |
| 040 |
|
|
|a SZTE Miscellanea Repozitórium
|b hun
|
| 041 |
|
|
|a pol
|
| 041 |
|
|
|a bak
|
| 100 |
1 |
|
|a Reychman Jan
|
| 245 |
1 |
0 |
|a Piosenka baszkirska zapisana na wygnaniu przez Tomasza Zana
|h [elektronikus dokumentum] /
|c Reychman Jan
|
| 260 |
|
|
|a [s.n.]
|b Warszawa
|c 1958
|
| 300 |
|
|
|a 43-73
|c 24 cm
|
| 300 |
|
|
|a [31] p.
|c 24 cm
|
| 490 |
0 |
|
|a Rocznik orientalistyczny
|
| 561 |
|
|
|a Németh Gyula hagyaték
|
| 591 |
|
|
|a LOA 3119; NOA 4876
|
| 650 |
|
4 |
|a Bölcsészettudományok
|
| 650 |
|
4 |
|a Nyelvek és irodalom
|
| 695 |
|
|
|a Tomasz Zan, Baskír népköltészet, Baskír irodalom - költészet
|
| 700 |
0 |
1 |
|a Zana Tomasz
|
| 856 |
4 |
0 |
|u http://misc.bibl.u-szeged.hu/62075/1/4876_noa.pdf
|z Dokumentum-elérés
|